| Tag |
First Indicator |
Second Indicator |
Subfields |
| LEADER |
00000cam a2200000 a 4500 |
| 001 |
in00000096554 |
| 005 |
20150924084656.0 |
| 008 |
820915m1982 ctu b 00100 eng d |
| 010 |
|
|
|a 82050808
|
| 035 |
|
|
|a (OCoLC)08774765
|
| 035 |
|
|
|9 AAK8682AM
|
| 040 |
|
|
|a URB
|c URB
|d TXA
|d UtOrBLW
|
| 049 |
|
|
|a TXAF
|v 1 [802620]
|v 2 [802621]
|
| 090 |
|
|
|a HF5667
|b A55 1982a
|
| 245 |
0 |
0 |
|a Accounting standards :
|b current text as of... /
|c Financial Accounting Standards Board.
|
| 264 |
|
1 |
|a Stamford, Conn. :
|b Financial Accounting Standards Board,
|c [1982-]
|
| 264 |
|
4 |
|c ©1982-
|
| 300 |
|
|
|a 3 volumes (loose-leaf) ;
|c 26 cm.
|
| 336 |
|
|
|a text
|b txt
|2 rdacontent
|
| 337 |
|
|
|a unmediated
|b n
|2 rdamedia
|
| 338 |
|
|
|a volume
|b nc
|2 rdacarrier
|
| 500 |
|
|
|a Previous editions published by Commerce Clearing House as: AICPA professional standards.
|
| 504 |
|
|
|a Includes bibliographical references and index.
|
| 650 |
|
0 |
|a Auditing.
|
| 650 |
|
0 |
|a Business ethics.
|
| 650 |
|
0 |
|a Accounting.
|
| 710 |
2 |
|
|a Financial Accounting Standards Board.
|
| 999 |
|
|
|a MARS
|
| 999 |
f |
f |
|s c7910648-06f7-3cb0-9d16-4c3babcb5177
|i 47f7b444-c5ed-3850-aece-3c6c88f37210
|t 0
|
| 952 |
f |
f |
|p ric
|a Texas A&M University
|b Rellis Campus
|c Joint Library Facility
|d Remote Storage
|t 0
|e HF5667 .A55 1982a
|h Library of Congress classification
|i unmediated -- volume
|k v.1
|m A14837333520
|
| 952 |
f |
f |
|p ric
|a Texas A&M University
|b Rellis Campus
|c Joint Library Facility
|d Remote Storage
|t 0
|e HF5667 .A55 1982a
|h Library of Congress classification
|i unmediated -- volume
|k v.3:Industry Standards/Appendices
|m A14837260052
|
| 952 |
f |
f |
|p ric
|a Texas A&M University
|b Rellis Campus
|c Joint Library Facility
|d Remote Storage
|t 0
|e HF5667 .A55 1982a
|h Library of Congress classification
|i unmediated -- volume
|k v.2
|m A14806270600
|
| 952 |
f |
f |
|p ric
|a Texas A&M University
|b Rellis Campus
|c Joint Library Facility
|d Remote Storage
|t 0
|e HF5667 .A55 1982a
|h Library of Congress classification
|i unmediated -- volume
|k v.3:Index
|m A14822192236
|
| 998 |
f |
f |
|a HF5667 .A55 1982a
|s v.1-3
|t 0
|l Remote Storage
|